| 000 | 00711nam a2200205Ia 4500 | ||
|---|---|---|---|
| 003 | GCL | ||
| 005 | 20240530095225.0 | ||
| 008 | 140319s9999 xx 000 0 ara d | ||
| 040 |
_aGCL / _cGCL |
||
| 082 | 0 | 4 |
_a327.117973 _bت ا |
| 100 | 1 | _aتشومسكى، ناعوم | |
| 245 | 1 | 0 |
_a11 - 9 / _cتشومسكى، ناعوم ؛ تعريب ابراهيم محمد ابراهيم |
| 250 | _aالاولى | ||
| 260 |
_aالقاهرة : _bمكتبة الشروق الدولية ، _c2002 |
||
| 300 |
_a93 ص ؛ _c20 سم |
||
| 650 | 0 | 4 | _aالجرائم الدولية |
| 650 | 0 | 4 | _aاحداث 11 سبتمبر |
| 650 | 0 | 4 | _aالارهاب - الولايات المتحدة الامريكية |
| 942 |
_2ddc _cBK |
||
| 999 |
_c5115 _d5115 |
||